000 00803nam a2200229Ii 4500
003 JO-AjNU
008 230605s9999||||xx |||||||||||||| ||und||
017 _a2004/4614
020 _a977-241-565-8
040 _aJO-AjNU
_bara
_erda
_cJO-AjNU
041 _aara
050 1 4 _aPJ6161.Z3 2004
100 3 _aزايد،علي عشري,
_eauthor
_933856
245 0 0 _aالبلاغة العربية تاريخها.مصادرها.مناهجها
250 _aط4
264 3 1 _aالقاهرة: مكتبة الآداب، 2004
300 _a191ص
336 _atext
_btxt
_2rdacontent
337 _aunmediated
_bn
_2rdamedia
338 _avolume
_bnc
_2rdacarrier
650 4 _aالبلاغة العربية-تاريخ-تاريخ البلاغة العربية-مصادر البلاغة العربية
_933857
999 _aA13822
_c17390
_d17390